|
|
|
|
| LEADER |
00000nam a22000007a 4500 |
| 005 |
20140827224019.0 |
| 007 |
cr|||| |||| |
| 008 |
140827s2012 cu |||||s|||| 00||0 spa d |
| 020 |
|
|
|a 978-959-7219-05-7
|
| 035 |
|
|
|a 12364
|
| 040 |
|
|
|a vLex
|
| 090 |
|
|
|c 5139
|d 5139
|
| 100 |
1 |
|
|a Gonzl̀ez Ferrer, Yamila
|
| 245 |
1 |
3 |
|a La discriminacin̤ de gňero en el derecho y sus expresiones en la legislacin̤ y en la prc̀tica jurd̕ica
|h [Recurso electrn̤ico] /
|c Yamila Gonzl̀ez Ferrer
|
| 256 |
|
|
|a Servicio en ln̕ea
|
| 260 |
|
|
|a La Habana:
|b Unin̤ Nacional de Juristas de Cuba,
|c 2012
|
| 300 |
|
|
|a 1 recurso electrn̤ico
|
| 506 |
1 |
|
|a Disponible solo en los productos indicados
|d vLex Global
|d vLex Global (Academic Edition, excluding Law Schools)
|d vLex Global (U.S. Academic Edition, Law Schools)
|d vLex Global (U.S. Academic Edition, excluding Law Schools)
|d vLex Global (Academic Edition, Law Schools)
|
| 650 |
0 |
4 |
|a Derecho Civil
|z Cuba
|
| 740 |
0 |
|
|a vLex Libros (Servicio en ln̕ea)
|
| 856 |
4 |
0 |
|u http://vlex.com/source/discriminacion-de-genero-en-el-derecho-y-sus-expresiones-en-la-legislacion-y-en-la-practica-juridica-12364
|z Acceso restringido
|
| 942 |
|
|
|c BOOK
|
| 999 |
0 |
|
|a Civil Law
|